000 00974nas a2200337 4500
001 BR0501930
003 BR-BrBNA
005 20231205105313.0
007 ta
008 230509b bl.|||p| |||| 00| 00por d
040 _aBR-BrBNA
_bpor
_cBiblioteca Nacional de Agricultura
041 _a(Pt)
072 _aN20; Q52
100 1 _aPozza, P.C.
100 1 _aPozza, M.S. dos S.
100 1 _aRichart, S.
100 1 _aOliveira, F.G. de
100 1 _aGasparotto, E.S.
100 1 _aSchlickmann, F.
245 1 _aAvaliação da moagem e granulometria do milho e consumo de energia no processamento em moinhos de martelos
650 _aMILHO
650 _aZEA MAYS
650 _aMOENDA
650 _aMOAGEM
650 _aPERFORMANCE
650 _aDIÂMETRO
650 _aESTIMATIVA
773 0 _tCiência Rural (Brazil)
_xISSN 0103-8478
_g(Jan-Feb 2005), v. 35(1) p. 235-238
_wBR0501930
909 _a202311
_bLúcia
_c55
_dLúcia Elande
942 _2AGRIS
_n0
_cANA
999 _c182268
_d182268